[Event "Lichtenberger Sommer 2019"]
[Site "Berlin"]
[Date "2019.08.18"]
[Round "2.15"]
[White "Zeitz, Philip"]
[Black "Landt, Stefan"]
[Result "1-0"]
[WhiteElo "2170"]
[BlackElo "1910"]
[PlyCount "63"]
[EventDate "2019.??.??"]
[WhiteTeam "SC Kreuzberg"]
[BlackTeam "SC Kreuzberg"]

1. c4 Nf6 2. Nc3 e6 3. e4 d5 4. e5 Nfd7 5. cxd5 Nxe5 6. d4 Ng6 7. Bb5+ c6 8.
dxc6 Nxc6 9. Nf3 Bd7 10. O-O a6 11. Bd3 Be7 12. Be4 O-O 13. Be3 Bd6 14. d5 exd5
15. Nxd5 f5 16. Bc2 Nce5 17. Nxe5 Nxe5 18. Nb6 Bc6 19. Nxa8 Nf3+ 20. gxf3 Bxh2+
21. Kxh2 Qh4+ 22. Kg1 f4 23. Bb3+ Kh8 24. Be6 fxe3 25. Qd6 Rxa8 26. Qg3 Qf6 27.
Bg4 e2 28. Rfe1 Qxb2 29. Bf5 Rd8 30. Bd3 Re8 31. Bxe2 h6 32. Bd3 1-0

[Event "Lichtenberger Sommer 2019"]
[Site "Berlin"]
[Date "2019.08.18"]
[Round "2.16"]
[White "Zesewitz, Martin"]
[Black "Amelang, Thomas"]
[Result "1-0"]
[WhiteElo "1906"]
[BlackElo "2165"]
[PlyCount "49"]
[EventDate "2019.??.??"]
[WhiteTeam "SF Friedrichshagen"]
[BlackTeam "Münchener SC"]

1. f4 c5 2. e4 Nc6 3. Nf3 g6 4. Bc4 Bg7 5. Nc3 d6 6. d3 e6 7. O-O Nge7 8. Qe1
Nd4 9. Nxd4 cxd4 10. Ne2 Nc6 11. f5 Be5 12. Bf4 Qe7 13. Bxe5 dxe5 14. fxg6 hxg6
15. c3 dxc3 16. Nxc3 Nd4 17. Qf2 Bd7 18. a4 Rh7 19. Nb5 Bxb5 20. Bxb5+ Kd8 21.
Ra3 a6 22. Bc4 Qc5 23. Kh1 Kd7 24. Rc3 Ne2 25. Qxe2 1-0

[Event "Lichtenberger Sommer 2019"]
[Site "Berlin"]
[Date "2019.08.18"]
[Round "2.17"]
[White "Wierzbicki, Jirawat"]
[Black "Kraft, Tom"]
[Result "1-0"]
[WhiteElo "2160"]
[BlackElo "1893"]
[PlyCount "49"]
[EventDate "2019.??.??"]
[WhiteTeam "SK König Tegel"]
[BlackTeam "SC Zugzwang 95 (Berlin)"]

1. e4 e6 2. d3 d5 3. Qe2 dxe4 4. dxe4 Bb4+ 5. c3 Be7 6. e5 Nc6 7. Nf3 h5 8. h4
Nh6 9. Bxh6 Rxh6 10. Nbd2 Bd7 11. g3 a6 12. Bg2 Bc5 13. O-O Qe7 14. Rfd1 O-O-O
15. b4 Ba7 16. a4 f6 17. Nc4 Rg6 18. b5 Nxe5 19. Nfxe5 fxe5 20. Qe4 Bxf2+ 21.
Kh1 Bc6 22. Qxg6 Bxg2+ 23. Kxg2 Rf8 24. bxa6 Ba7 25. Qe4 1-0

[Event "Lichtenberger Sommer 2019"]
[Site "Berlin"]
[Date "2019.08.18"]
[Round "2.18"]
[White "Jaeger, Andre"]
[Black "Hillmann, Michael"]
[Result "0-1"]
[WhiteElo "1897"]
[BlackElo "2138"]
[PlyCount "62"]
[EventDate "2019.??.??"]
[WhiteTeam "SC Rochade (Berlin)"]
[BlackTeam "SV Sangerhausen"]

1. d4 d5 2. c4 e6 3. Nc3 f5 4. cxd5 exd5 5. e4 dxe4 6. Bc4 Nf6 7. Nh3 Bd6 8.
Ng5 Qe7 9. Nf7 Rf8 10. Nxd6+ Qxd6 11. Bg5 Nbd7 12. Qe2 Nb6 13. Bxf6 Rxf6 14.
Bb3 Bd7 15. Qh5+ g6 16. Qxh7 O-O-O 17. Rd1 Rff8 18. Qg7 Rde8 19. O-O Rh8 20. g3
Rh5 21. Bf7 Reh8 22. h4 R5h7 23. Qxg6 Qf8 24. Be6 Rh6 25. Bxd7+ Nxd7 26. Qg5
Rg8 27. Qc1 Rxh4 28. Kg2 f4 29. Nd5 f3+ 30. Kg1 Qd6 31. Nxc7 Rxg3+ 0-1

[Event "Lichtenberger Sommer 2019"]
[Site "Berlin"]
[Date "2019.08.18"]
[Round "2.19"]
[White "Simon, Ralf-Axel"]
[Black "Baranowsky, Peter"]
[Result "1-0"]
[WhiteElo "2131"]
[BlackElo "1889"]
[PlyCount "69"]
[EventDate "2019.??.??"]
[WhiteTeam "SF Hannover"]
[BlackTeam "SF 1903 Berlin"]

1. c4 g6 2. Nf3 Bg7 3. Nc3 Nf6 4. e4 d6 5. d4 O-O 6. Be2 e5 7. Be3 Nc6 8. d5
Ne7 9. Nd2 Ne8 10. c5 f5 11. f3 f4 12. Bf2 Kh8 13. g4 h6 14. Nc4 dxc5 15. Bxc5
Nd6 16. a4 Nxc4 17. Bxc4 b6 18. Ba3 a6 19. d6 Nc6 20. dxc7 Qh4+ 21. Kd2 Nd4 22.
Qf1 Be6 23. Bxe6 Nxe6 24. Bxf8 Bxf8 25. Qc4 Qf2+ 26. Kc1 Nd4 27. Kb1 Qc2+ 28.
Ka2 b5 29. Qd5 Rc8 30. Rac1 Qd3 31. Rhd1 Qc4+ 32. Qxc4 bxc4 33. Nd5 Nxf3 34.
Rxc4 Bd6 35. Nb6 1-0

[Event "Lichtenberger Sommer 2019"]
[Site "Berlin"]
[Date "2019.08.18"]
[Round "2.20"]
[White "Guder, Sibylle"]
[Black "Seitz, Patrick"]
[Result "1/2-1/2"]
[WhiteElo "1893"]
[BlackElo "2130"]
[PlyCount "108"]
[EventDate "2019.??.??"]
[WhiteTeam "SF 1903 Berlin"]
[BlackTeam "SC Böblingen"]

1. Nf3 Nf6 2. c4 d6 3. g3 g6 4. Bg2 Bg7 5. O-O Nc6 6. d3 e5 7. Nc3 h6 8. Rb1 a5
9. a3 O-O 10. b4 axb4 11. axb4 Nh5 12. b5 Ne7 13. Bb2 f5 14. Nd2 Nf6 15. e3 g5
16. Ne2 Ng6 17. d4 e4 18. f3 exf3 19. Nxf3 Qe7 20. Bc1 Ne4 21. Qb3 h5 22. Nd2
Nxd2 23. Bxd2 f4 24. Qd3 Bf5 25. e4 Bg4 26. Nc3 Qf6 27. e5 dxe5 28. Bxb7 Ra3
29. Be4 Bf5 30. Bxf5 Qxf5 31. Qxf5 Rxf5 32. d5 e4 33. Nxe4 Ne5 34. gxf4 Nxc4
35. Bb4 Ra2 36. Nxg5 Ne3 37. Rf3 Nxd5 38. Ne6 Bh6 39. Rg3+ Kh8 40. Bc5 Bxf4 41.
Rg2 Ra8 42. Bd4+ Be5 43. Bxe5+ Rxe5 44. Rg5 Rg8 45. Rxg8+ Kxg8 46. Nd4 Re4 47.
Rd1 Kf7 48. Nf3 Nc3 49. Rd7+ Re7 50. Rxe7+ Kxe7 51. Nd4 Kd6 52. Kf2 Kc5 53.
Ne6+ Kb6 54. Kg3 Nxb5 1/2-1/2

[Event "Lichtenberger Sommer 2019"]
[Site "Berlin"]
[Date "2019.08.18"]
[Round "2.21"]
[White "Brümmel, Arend"]
[Black "Zubke, Carsten"]
[Result "1-0"]
[WhiteElo "2129"]
[BlackElo "1886"]
[PlyCount "55"]
[EventDate "2019.??.??"]
[WhiteTeam "Stader SV"]
[BlackTeam "BSG Pneumant Fürstenwalde"]

1. Nf3 Nf6 2. c4 c6 3. d4 d5 4. e3 e6 5. Bd3 dxc4 6. Bxc4 b5 7. Bd3 a6 8. a4
Bb7 9. Nbd2 Nbd7 10. O-O Bd6 11. Nb3 e5 12. dxe5 Nxe5 13. Nxe5 Bxe5 14. Nc5 Rb8
15. axb5 axb5 16. f4 Bd6 17. Nxb7 Rxb7 18. Qf3 Qb6 19. Bd2 Nd5 20. Ba5 Qa7 21.
Bc3 Qb6 22. Bxg7 Rg8 23. Bd4 Bc5 24. Ra8+ Kd7 25. Bf5+ Kc7 26. Be5+ Bd6 27.
Rxg8 Nxe3 28. Rc8# 1-0

[Event "Lichtenberger Sommer 2019"]
[Site "Berlin"]
[Date "2019.08.18"]
[Round "2.22"]
[White "Fuchs, Dominik"]
[Black "Nohr, Jonas"]
[Result "1-0"]
[WhiteElo "1887"]
[BlackElo "2126"]
[PlyCount "111"]
[EventDate "2019.??.??"]
[WhiteTeam "SC Zitadelle Spandau"]
[BlackTeam "Königsjäger Süd-West"]

1. e4 e6 2. d4 d5 3. Nd2 Be7 4. Ngf3 c5 5. exd5 exd5 6. dxc5 Nf6 7. Nb3 O-O 8.
Be2 a5 9. a4 Nc6 10. O-O Bg4 11. Nfd4 Nxd4 12. Nxd4 Bxe2 13. Qxe2 Bxc5 14. Be3
Qb6 15. c3 Rfe8 16. Rfd1 Rad8 17. h3 h6 18. Qb5 Ne4 19. Qxb6 Bxb6 20. Nf5 Bxe3
21. Nxe3 Nf6 22. Rd4 Re4 23. Rad1 Rde8 24. Kf1 Rxd4 25. Rxd4 Re5 26. Ke2 g5 27.
g3 Kf8 28. g4 h5 29. f3 hxg4 30. hxg4 Ke7 31. Kd3 Ke6 32. c4 b6 33. b3 dxc4+
34. Nxc4 Re1 35. Rd6+ Ke7 36. Rxb6 Nd5 37. Rb5 Nf4+ 38. Kd4 Ne6+ 39. Kc3 Rf1
40. Nd2 Rc1+ 41. Kb2 Rc7 42. Rxa5 Nd4 43. Nc4 f6 44. Ra6 Nxf3 45. Ne3 Rd7 46.
Nf5+ Kf7 47. Rd6 Ra7 48. Ka3 Ne5 49. Ne3 Ke7 50. Rb6 Nd7 51. Nd5+ Kf7 52. Rd6
Kg7 53. Re6 Rb7 54. b4 Kf7 55. Re7+ Kg6 56. a5 1-0

[Event "Lichtenberger Sommer 2019"]
[Site "Berlin"]
[Date "2019.08.18"]
[Round "2.23"]
[White "Krefenstein, Sergej"]
[Black "Ahlers, Knut"]
[Result "1/2-1/2"]
[WhiteElo "2125"]
[BlackElo "1880"]
[PlyCount "141"]
[EventDate "2019.??.??"]
[WhiteTeam "BSC Rehberge"]
[BlackTeam "SV Bargteheide"]

1. e4 e5 2. Nf3 Nc6 3. d4 exd4 4. Nxd4 g6 5. Nxc6 bxc6 6. Qd4 Qf6 7. Be3 Bg7 8.
c3 Ne7 9. Nd2 O-O 10. Qxf6 Bxf6 11. Be2 a5 12. O-O-O a4 13. Kc2 d5 14. Bc5 Re8
15. Rhe1 Bg7 16. Bf3 Be6 17. Bxe7 Rxe7 18. exd5 cxd5 19. Bxd5 Bf5+ 20. Ne4 Ra5
21. f3 a3 22. b4 Rb5 23. g4 Bc8 24. Bc4 Rb8 25. Rd8+ Bf8 26. Nf6+ Kg7 27. Ne8+
Kg8 28. Red1 Rxe8 29. Rxe8 Bf5+ 30. gxf5 Rxe8 31. Kb3 Bd6 32. h3 Re3 33. Rd3
Rxd3 34. Bxd3 Be5 35. Kxa3 Bxc3 36. Kb3 Bd2 37. Kc4 Kg7 38. a4 Kf6 39. fxg6
fxg6 40. a5 Ke6 41. Kc5 Kd7 42. a6 Be3+ 43. Kd5 Bb6 44. Bb5+ Kc8 45. Ke6 g5 46.
Kf5 Be3 47. Kg4 Kb8 48. Bd3 h6 49. Bf5 Ka7 50. b5 Kb6 51. Bd7 Bd2 52. h4 Bf4
53. h5 c5 54. bxc6 Kxa6 55. Kf5 Kb6 56. Kg6 g4 57. Bxg4 Kxc6 58. Kf5 Bd2 59.
Ke5 Bc3+ 60. Ke6 Bd2 61. Bf5 Kc5 62. Be4 Kd4 63. Kf5 Be3 64. f4 Bd2 65. Bb7 Bc1
66. Kg4 Bd2 67. Kf3 Bc1 68. Kg4 Bd2 69. f5 Ke5 70. Bc8 Kf6 71. Be6 1/2-1/2

[Event "Lichtenberger Sommer 2019"]
[Site "Berlin"]
[Date "2019.08.18"]
[Round "2.24"]
[White "Alten, Silvio"]
[Black "Mertens, Fridolin"]
[Result "0-1"]
[WhiteElo "1883"]
[BlackElo "2113"]
[PlyCount "116"]
[EventDate "2019.??.??"]
[WhiteTeam "SV Mattnetz Berlin"]
[BlackTeam "SG 1871 Löberitz"]

1. e4 d6 2. d4 g6 3. Nf3 Bg7 4. c4 Nf6 5. Nc3 O-O 6. h3 Nc6 7. Be3 e5 8. dxe5
Nxe5 9. Nxe5 dxe5 10. Qxd8 Rxd8 11. Nd5 Rd7 12. Nxf6+ Bxf6 13. c5 Rd8 14. Bc4
Kf8 15. Ke2 Ke7 16. Rac1 Be6 17. b4 c6 18. Bxe6 Kxe6 19. Rhd1 a5 20. a3 axb4
21. axb4 Ra2+ 22. Kf3 Rxd1 23. Rxd1 Rb2 24. Rd6+ Ke7 25. Bd2 h6 26. Bxh6 Rxb4
27. Be3 Bg7 28. g4 Bf6 29. g5 Bg7 30. Bd2 Rc4 31. Rd3 Bf8 32. Rb3 Ke6 33. Be3
Bxc5 34. Bxc5 Rxc5 35. Rxb7 Rc1 36. Rc7 c5 37. Ke2 Rc3 38. Kd2 Rxh3 39. Rxc5
Rh5 40. f4 exf4 41. Kd3 Rh3+ 42. Kd4 Rg3 43. Ra5 Rg1 44. Ra6+ Ke7 45. Ra7+ Kf8
46. Ke5 f3 47. Kf6 Kg8 48. Ra8+ Kh7 49. Ra2 Rg4 50. Kxf7 Rf4+ 51. Ke6 f2 52.
Ra7+ Kg8 53. Ra8+ Rf8 54. Ra1 f1=Q 55. Rxf1 Rxf1 56. Ke7 Re1 57. Kf6 Rxe4 58.
Kxg6 Rg4 0-1

[Event "Lichtenberger Sommer 2019"]
[Site "Berlin"]
[Date "2019.08.18"]
[Round "2.25"]
[White "Stark, Ingo"]
[Black "Willich, Manfred"]
[Result "1-0"]
[WhiteElo "2113"]
[BlackElo "1871"]
[PlyCount "55"]
[EventDate "2019.??.??"]
[WhiteTeam "TSG Oberschöneweide"]
[BlackTeam "SK Turm Bad Hersfeld"]

1. e4 c5 2. Nf3 e6 3. d4 cxd4 4. Nxd4 a6 5. Bd3 Nc6 6. Nxc6 dxc6 7. O-O e5 8.
Qe2 Nf6 9. Nd2 Bd6 10. Nc4 Bc7 11. a4 Be6 12. Rd1 b5 13. Ne3 Qb8 14. Nf5 Bxf5
15. exf5 O-O 16. Bg5 Bd8 17. Qf3 Nd5 18. f6 Bxf6 19. Qe4 g6 20. Bxf6 Nxf6 21.
Qxc6 Ng4 22. h3 Rc8 23. Qf3 Nh6 24. axb5 f5 25. Qd5+ Kg7 26. Rxa6 Rxa6 27. bxa6
Rd8 28. a7 1-0

[Event "Lichtenberger Sommer 2019"]
[Site "Berlin"]
[Date "2019.08.18"]
[Round "2.26"]
[White "Muskewitz, Bernd"]
[Black "Dathe, Frederick"]
[Result "0-1"]
[WhiteElo "1879"]
[BlackElo "2110"]
[PlyCount "69"]
[EventDate "2019.??.??"]
[WhiteTeam "SF Nordost Berlin"]
[BlackTeam "SC Kreuzberg"]

1. d4 Nf6 2. Bg5 g6 3. Bxf6 exf6 4. e3 Bg7 5. g3 O-O 6. Bg2 d5 7. Ne2 c6 8. O-O
Nd7 9. Nd2 f5 10. c4 dxc4 11. Nxc4 Nb6 12. Nxb6 axb6 13. a4 Qe7 14. Nc3 Be6 15.
Qf3 Qb4 16. Rfb1 Rfd8 17. Bf1 Bb3 18. Rc1 Bxa4 19. Rxa4 Rxa4 20. Nxa4 Qxa4 21.
Qe2 Ra8 22. Qd2 Qa5 23. Qc2 Qb4 24. b3 Ra3 25. Rb1 Bf6 26. Bg2 Qa5 27. Qc4 Qd2
28. Bf3 Ra2 29. Qf1 h5 30. h4 Be7 31. Re1 Qb2 32. Bd1 Bb4 33. Re2 Bd2 34. Kg2
Qc1 35. b4 0-1

[Event "Lichtenberger Sommer 2019"]
[Site "Berlin"]
[Date "2019.08.18"]
[Round "2.27"]
[White "Karyah, Thomas"]
[Black "Kornrumpf, Joachim"]
[Result "0-1"]
[WhiteElo "1870"]
[BlackElo "2099"]
[PlyCount "94"]
[EventDate "2019.??.??"]
[WhiteTeam "SC Zugzwang 95 (Berlin)"]
[BlackTeam "Preetzer TSV"]

1. c4 c5 2. Nc3 b6 3. Nf3 e6 4. g3 Bb7 5. Bg2 Nf6 6. d3 Be7 7. O-O O-O 8. Re1
d6 9. e4 Nbd7 10. Rb1 Qc7 11. a3 a6 12. Bf4 Rac8 13. b4 cxb4 14. Rxb4 e5 15.
Nd5 Nxd5 16. exd5 b5 17. Bh3 Rb8 18. Bg5 Nf6 19. Nh4 Nxd5 20. cxd5 Bxg5 21. Qh5
Bd2 22. Rg4 f5 23. Nxf5 Rxf5 24. Qxf5 Bc8 25. Qe4 Bxg4 26. Bxg4 Bxe1 27. Be6+
Kh8 28. Qxe1 Qc5 29. Qa1 a5 30. Bf5 b4 31. axb4 axb4 32. Qd1 g6 33. Be4 b3 34.
Kg2 b2 35. Qf3 Kg7 36. d4 Qxd4 37. Bb1 Rf8 38. Qe2 Qxd5+ 39. f3 Qd4 40. h4 d5
41. h5 e4 42. fxe4 dxe4 43. hxg6 hxg6 44. Qc2 Qf6 45. Qc7+ Rf7 46. Qc4 Qf2+ 47.
Kh3 Qf1+ 0-1

[Event "Lichtenberger Sommer 2019"]
[Site "Berlin"]
[Date "2019.08.18"]
[Round "2.28"]
[White "Stein, Siegfried"]
[Black "Braeunlin, Herbert"]
[Result "0-1"]
[WhiteElo "1852"]
[BlackElo "2091"]
[PlyCount "52"]
[EventDate "2019.??.??"]
[WhiteTeam "SV Berolina Mitte"]

1. e4 c5 2. d4 cxd4 3. c3 Nf6 4. e5 Nd5 5. cxd4 d6 6. Nf3 Nc6 7. Bd2 Bg4 8. Qb3
Nb6 9. Bb5 e6 10. Nc3 d5 11. a4 a6 12. Bg5 Qc7 13. Rc1 axb5 14. Nxb5 Qd7 15.
Nd6+ Bxd6 16. exd6 f6 17. Qxb6 Bxf3 18. Bf4 Bxg2 19. Rg1 Be4 20. a5 O-O 21. b4
e5 22. dxe5 fxe5 23. Bxe5 Nxe5 24. Rg3 Nd3+ 25. Rxd3 Bxd3 26. Rc7 Qe6+ 0-1

[Event "Lichtenberger Sommer 2019"]
[Site "Berlin"]
[Date "2019.08.18"]
[Round "2.29"]
[White "Bui, Bao Anh Le"]
[Black "Grassi, Fabrizio"]
[Result "1-0"]
[WhiteElo "2087"]
[BlackElo "1861"]
[PlyCount "59"]
[EventDate "2019.??.??"]
[WhiteTeam "SV Mattnetz Berlin"]
[BlackTeam "SV Berlin-Friedrichstadt"]

1. e4 d5 2. exd5 Nf6 3. d4 Nxd5 4. c4 Nb6 5. Nf3 Bg4 6. c5 N6d7 7. Bc4 e6 8. h3
Bh5 9. Nc3 Nc6 10. Be3 Be7 11. g4 Bg6 12. Qe2 Nb4 13. O-O-O c6 14. Ne5 Nxe5 15.
dxe5 Qa5 16. f4 Bxc5 17. f5 exf5 18. gxf5 Bxf5 19. Bxf7+ Kxf7 20. Qc4+ Ke8 21.
Bxc5 Nd5 22. Nxd5 cxd5 23. Rxd5 Rc8 24. b4 Qa3+ 25. Kd2 b6 26. Qb5+ Kf7 27.
Rd7+ Kg6 28. Rg1+ Kh5 29. Qe2+ Kh6 30. Be3+ 1-0

[Event "Lichtenberger Sommer 2019"]
[Site "Berlin"]
[Date "2019.08.18"]
[Round "2.30"]
[White "Sabrowski, Uwe"]
[Black "Kievelitz, Bernd"]
[Result "1-0"]
[WhiteElo "2073"]
[BlackElo "1850"]
[PlyCount "57"]
[EventDate "2019.??.??"]
[WhiteTeam "SV Berolina Mitte"]
[BlackTeam "SC Zitadelle Spandau"]

1. d4 Nf6 2. c4 e6 3. Nc3 Bb4 4. e3 O-O 5. Nge2 d6 6. a3 Bxc3+ 7. Nxc3 Nbd7 8.
Bd3 e5 9. O-O Re8 10. Qc2 b6 11. d5 Nc5 12. e4 Nxd3 13. Qxd3 h6 14. f4 Qe7 15.
f5 Nh7 16. Rf3 f6 17. Rg3 Kh8 18. Rg4 Bd7 19. Ne2 Rg8 20. Rh4 Be8 21. Bd2 a5
22. Rf1 Ng5 23. Ng3 Bf7 24. Bxg5 fxg5 25. f6 Qd7 26. fxg7+ Rxg7 27. Rxh6+ Rh7
28. Rxh7+ Kxh7 29. Nf5 1-0

[Event "Lichtenberger Sommer 2019"]
[Site "Berlin"]
[Date "2019.08.18"]
[Round "2.31"]
[White "Khojoyan, Martin"]
[Black "Heuser, Philip"]
[Result "1/2-1/2"]
[WhiteElo "1850"]
[BlackElo "2064"]
[PlyCount "138"]
[EventDate "2019.??.??"]
[WhiteTeam "SV Motor Wildau"]
[BlackTeam "Münchener SC"]

1. d4 d5 2. Nf3 Nf6 3. h3 Bf5 4. a3 e6 5. Bg5 c5 6. Bxf6 Qxf6 7. e3 Nc6 8. Bd3
cxd4 9. exd4 Bd6 10. Bxf5 Qxf5 11. O-O h5 12. Qd3 Qxd3 13. cxd3 Be7 14. Nc3 Bf6
15. Ne2 Kd7 16. b4 Kd6 17. h4 Rac8 18. Rac1 a6 19. Rfe1 Rc7 20. g3 Rhc8 21. Rb1
Ne7 22. Rec1 Nf5 23. Rxc7 Rxc7 24. Rb2 Kc6 25. a4 Kb6 26. Kf1 Ne7 27. Ke1 Nc6
28. Kd2 Be7 29. b5 Nb4 30. Nc3 Bd6 31. bxa6 bxa6 32. Ne1 Ka5 33. Ng2 Nc6 34.
Ke3 Ne7 35. Ne2 Nf5+ 36. Kd2 Bb4+ 37. Kd1 Kxa4 38. Ra2+ Kb5 39. Ne1 Bxe1 40.
Kxe1 a5 41. Kd2 Kb4 42. Rb2+ Ka3 43. Rb6 f6 44. Nc3 Nxd4 45. Nb1+ Ka4 46. Nc3+
Ka3 47. Nb1+ Ka4 48. Nc3+ Rxc3 49. Kxc3 Nb5+ 50. Kb2 e5 51. Rb7 Kb4 52. Rxg7 a4
53. Rh7 a3+ 54. Ka1 Kc3 55. Rxh5 Kxd3 56. Rf5 Ke4 57. Rxf6 d4 58. Rb6 Nc3 59.
Rb3 Kf5 60. Rxa3 e4 61. Rxc3 dxc3 62. Kb1 Kg4 63. Kc2 Kf3 64. h5 Kxf2 65. h6 e3
66. h7 e2 67. h8=Q e1=Q 68. Qxc3 Qxc3+ 69. Kxc3 Kxg3 1/2-1/2

[Event "Lichtenberger Sommer 2019"]
[Site "Berlin"]
[Date "2019.08.18"]
[Round "2.32"]
[White "Meyer-Dunker, Paul"]
[Black "Schneider, Eckehard"]
[Result "1-0"]
[WhiteElo "2064"]
[BlackElo "1844"]
[PlyCount "43"]
[EventDate "2019.??.??"]
[WhiteTeam "TSG Oberschöneweide"]
[BlackTeam "SF 1903 Berlin"]

1. e4 e6 2. d4 d5 3. e5 c5 4. c3 Nc6 5. Be3 cxd4 6. cxd4 Bb4+ 7. Nc3 Nh6 8. Nf3
Nf5 9. Bd3 Nxe3 10. fxe3 Bd7 11. O-O Bxc3 12. bxc3 Na5 13. h4 h6 14. Rb1 Rc8
15. Qe1 O-O 16. Nh2 f5 17. exf6 Rxf6 18. Rxf6 Qxf6 19. Ng4 Qe7 20. Qg3 Kh8 21.
Ne5 Be8 22. Ng6+ 1-0

[Event "Lichtenberger Sommer 2019"]
[Site "Berlin"]
[Date "2019.08.18"]
[Round "2.33"]
[White "Jeß, Arne"]
[Black "Schulz, Hartmut"]
[Result "0-1"]
[WhiteElo "1842"]
[BlackElo "2064"]
[PlyCount "34"]
[EventDate "2019.??.??"]
[WhiteTeam "TSG Fredersdorf/Vogelsdorf"]
[BlackTeam "SC Rochade (Berlin)"]

1. e4 c6 2. d4 d5 3. Nc3 dxe4 4. Nxe4 Nd7 5. Ng5 Ngf6 6. Bd3 e6 7. N1f3 Bd6 8.
Qe2 h6 9. Ne4 Nxe4 10. Qxe4 Nf6 11. Qh4 Qc7 12. c4 b6 13. O-O Bb7 14. Re1 O-O-O
15. Ne5 c5 16. Qf4 cxd4 17. Bd2 Nd7 0-1

[Event "Lichtenberger Sommer 2019"]
[Site "Berlin"]
[Date "2019.08.18"]
[Round "2.34"]
[White "Casny, Guenter"]
[Black "Poseck, Steffen"]
[Result "0-1"]
[WhiteElo "1841"]
[BlackElo "2041"]
[PlyCount "110"]
[EventDate "2019.??.??"]
[WhiteTeam "SC Rochade (Berlin)"]
[BlackTeam "BSV 63 Chemie Weißensee"]

1. e4 c5 2. Nf3 a6 3. c4 e6 4. Nc3 Nc6 5. d3 g6 6. Be3 d6 7. Qd2 Bg7 8. g3 Nd4
9. Bg2 Ne7 10. Ne2 Nec6 11. Nfxd4 Nxd4 12. Nxd4 cxd4 13. Bh6 Kf8 14. O-O e5 15.
a4 a5 16. Rfb1 Bd7 17. b4 axb4 18. Bxg7+ Kxg7 19. Qxb4 Bc6 20. a5 Ra6 21. Rb2
Qe7 22. Rba2 Rha8 23. Qd2 Qc7 24. h3 R8a7 25. Kh2 Bd7 26. f4 Qc5 27. fxe5 dxe5
28. g4 h6 29. Kg3 Qe7 30. Bf3 Rf6 31. Bg2 Rf4 32. a6 Rxa6 33. Rxa6 bxa6 34.
Rxa6 Qg5 35. Qe2 h5 36. Bf3 hxg4 37. hxg4 Kf8 38. Ra8+ Ke7 39. Ra7 Kd8 40. Ra8+
Ke7 41. Ra7 Rf6 42. Kg2 Qf4 43. Ra1 Rb6 44. Re1 Rb3 45. Rd1 Rc3 46. Qb2 Bxg4
47. Rf1 Kf8 48. Qe2 Bxf3+ 49. Rxf3 Qg5+ 50. Rg3 Qc1 51. Qf1 Rc2+ 52. Kg1 Qh6
53. Qe1 Qh2+ 54. Kf1 Qh1+ 55. Rg1 Qf3+ 0-1

[Event "Lichtenberger Sommer 2019"]
[Site "Berlin"]
[Date "2019.08.18"]
[Round "2.35"]
[White "Neuwald, Volker"]
[Black "Teichert, Felix"]
[Result "0-1"]
[WhiteElo "1774"]
[BlackElo "2027"]
[PlyCount "98"]
[EventDate "2019.??.??"]
[WhiteTeam "SK Ottenau"]
[BlackTeam "Leegebrucher SF"]

1. c4 e5 2. Nc3 Nc6 3. g3 Bc5 4. Bg2 d6 5. e3 Nge7 6. Nge2 a6 7. O-O O-O 8. a3
Ba7 9. b4 Rb8 10. Qa4 Bb6 11. Bb2 Bd7 12. b5 Na5 13. d3 axb5 14. cxb5 Be6 15.
Nc1 Qd7 16. Rd1 f5 17. d4 f4 18. dxe5 fxe3 19. fxe3 Bxe3+ 20. Kh1 Nc4 21. Qc2
Rf2 22. N1e2 Bh3 23. Be4 Nxe5 24. Nd5 Nxd5 25. Bxe5 dxe5 26. Rxd5 Qg4 27. Re1
Rbf8 28. Rdd1 Rxh2+ 29. Kxh2 Rf2+ 30. Kh1 Bg2+ 31. Bxg2 Qh5+ 32. Kg1 Rxe2+ 33.
Kf1 Rxc2 34. Rd8+ Kf7 35. Rxe3 Ke7 36. Rd5 Ke6 37. a4 b6 38. Rdd3 Qg5 39. Bh3+
Kf6 40. Rf3+ Kg6 41. Rde3 Rc4 42. Be6 Rxa4 43. g4 Rf4 44. Rxf4 Qxf4+ 45. Ke2
Qh2+ 46. Kd3 Kf6 47. Bd7 Qf4 48. Re4 Qf3+ 49. Re3 Qd5+ 0-1

[Event "Lichtenberger Sommer 2019"]
[Site "Berlin"]
[Date "2019.08.18"]
[Round "2.36"]
[White "Hirsch, Christian"]
[Black "Püschel, Werner"]
[Result "0-1"]
[WhiteElo "1726"]
[BlackElo "2012"]
[PlyCount "190"]
[EventDate "2019.??.??"]
[WhiteTeam "SF Haselmühl/Amberg"]
[BlackTeam "SV Briesen"]

1. d4 Nf6 2. Nf3 c5 3. d5 g6 4. c4 d6 5. Nc3 Bg7 6. e4 O-O 7. Bd3 a6 8. O-O Bg4
9. h3 Bxf3 10. Qxf3 Nbd7 11. Qe2 Rb8 12. a4 Ne8 13. Bd2 Nc7 14. Rab1 e6 15. f4
exd5 16. exd5 f5 17. Rfe1 Re8 18. Qf3 Bd4+ 19. Kf1 Qf6 20. Rxe8+ Rxe8 21. Re1
Rxe1+ 22. Bxe1 Kf7 23. Qe2 b6 24. Nd1 h6 25. b3 Qe7 26. Bd2 Qxe2+ 27. Kxe2 Nf6
28. Kf3 h5 29. Nc3 Ke7 30. Ne2 Bb2 31. Bc3 Bxc3 32. Nxc3 Kd7 33. Nd1 b5 34.
axb5 axb5 35. Ne3 bxc4 36. bxc4 Ke7 37. g4 hxg4+ 38. hxg4 Nxg4 39. Nxg4 fxg4+
40. Kxg4 Kf6 41. Bc2 Na6 42. Ba4 Nc7 43. Bc2 Na6 44. Bd3 Nb8 45. Bc2 Nd7 46.
Ba4 Nf8 47. Bc2 Nh7 48. Bd3 Nf8 49. Bc2 Nd7 50. Ba4 Nb6 51. Bb3 Nc8 52. Bc2 Ne7
53. Bd3 Ng8 54. Kh4 Nh6 55. Kg3 Nf7 56. Kg4 Kg7 57. Kh4 Kh6 58. Kg4 Kg7 59. Kh4
Kf6 60. Kg4 Nd8 61. Bc2 Nb7 62. Bb3 Na5 63. Ba2 Nb7 64. Bb3 Nd8 65. Bc2 Nf7 66.
Bd3 g5 67. fxg5+ Nxg5 68. Kf4 Nh3+ 69. Kg3 Ng5 70. Kf4 Nf7 71. Bf1 Ne5 72. Be2
Ng6+ 73. Ke4 Kg5 74. Bd1 Nf4 75. Ba4 Nh5 76. Bc2 Nf6+ 77. Kf3 Nd7 78. Ke4 Ne5
79. Bb3 Kg4 80. Ba2 Nd7 81. Bb1 Nf6+ 82. Ke3 Kg3 83. Ba2 Kg4 84. Bb1 Nd7 85.
Ba2 Ne5 86. Ke4 Nf3 87. Ke3 Nd4 88. Bb1 Nb3 89. Bg6 Kg5 90. Bh7 Kf6 91. Kf4 Nc1
92. Bg8 Nd3+ 93. Ke3 Ne5 94. Kd2 Nxc4+ 95. Kc3 Nb6 0-1

[Event "Lichtenberger Sommer 2019"]
[Site "Berlin"]
[Date "2019.08.18"]
[Round "2.37"]
[White "Silz, Elisa"]
[Black "Bode, Jan-Michael"]
[Result "1-0"]
[WhiteElo "2011"]
[BlackElo "1841"]
[PlyCount "119"]
[EventDate "2019.??.??"]
[WhiteTeam "SV Empor Berlin"]
[BlackTeam "SW Lichtenrade"]

1. d4 d5 2. c4 Nc6 3. Nc3 dxc4 4. d5 Ne5 5. Nf3 Ng6 6. e4 e5 7. Bxc4 Nf6 8. O-O
Bd6 9. Be3 O-O 10. Be2 Bd7 11. Nd2 Nf4 12. Nc4 Nxe2+ 13. Qxe2 Ng4 14. Nxd6 cxd6
15. Bd2 f5 16. f3 Nf6 17. exf5 Bxf5 18. Bg5 Qb6+ 19. Qf2 Qxf2+ 20. Rxf2 Ne8 21.
Rc1 Rc8 22. Rff1 h6 23. Be3 a6 24. Na4 Nf6 25. Nb6 Rce8 26. g4 Bg6 27. h3 Bf7
28. Rfd1 Bg6 29. Kg2 Rd8 30. a4 Nd7 31. Nc4 Nf6 32. a5 Be8 33. Nb6 Bb5 34. Rd2
Rf7 35. Rdc2 Rdf8 36. Rc8 Be2 37. f4 exf4 38. Bxf4 Ne4 39. Rxf8+ Rxf8 40. Re1
Bd3 41. Bg3 Rf7 42. Re3 Bf1+ 43. Kh2 Nd2 44. Bxd6 Rf2+ 45. Kg3 Rg2+ 46. Kh4 Nc4
47. Re8+ Kh7 48. Nxc4 Bxc4 49. Re7 Bxd5 50. Be5 Kg8 51. Rxg7+ Kf8 52. Rh7 Re2
53. Bc3 Re6 54. Kh5 Re3 55. h4 Rg3 56. Rxh6 Bf7+ 57. Kg5 Bd5 58. Rf6+ Ke7 59.
h5 Be6 60. Rf4 1-0

[Event "Lichtenberger Sommer 2019"]
[Site "Berlin"]
[Date "2019.08.18"]
[Round "2.38"]
[White "Wadepfuhl, Jeremy"]
[Black "Zühlke, Burkhard"]
[Result "0-1"]
[WhiteElo "1668"]
[BlackElo "2009"]
[PlyCount "90"]
[EventDate "2019.??.??"]
[WhiteTeam "Borussia Lichtenberg"]
[BlackTeam "SGem Fürth"]

1. b3 e5 2. Bb2 d6 3. e3 Nd7 4. d4 g6 5. Nf3 Bg7 6. c4 Nh6 7. Be2 O-O 8. O-O
Qe7 9. Nc3 c6 10. d5 c5 11. a3 f5 12. b4 e4 13. Nd2 b6 14. Qc2 Ne5 15. Ra2 Nhg4
16. h3 Nh6 17. Re1 g5 18. f4 exf3 19. Nxf3 g4 20. Nxe5 Bxe5 21. Bf1 f4 22. Nd1
f3 23. Bxe5 Qxe5 24. gxf3 gxf3 25. Qh2 Qg5+ 26. Kf2 Qf6 27. Bd3 Bf5 28. Rg1+
Kh8 29. Bxf5 Nxf5 30. Qf4 Qe7 31. Qg4 Rae8 32. Re1 Rg8 33. Qxf5 Rg2+ 34. Kxf3
Rxa2 35. Kg4 Rg2+ 36. Kf3 Reg8 37. Qf4 R2g7 38. Ke2 Rf8 39. Qh2 Qf6 40. bxc5
bxc5 41. Kd3 Rb7 42. Kc2 Qa1 43. Re2 Qa2+ 44. Kd3 Qb1+ 45. Kd2 Rf1 0-1